<?xml version="1.0" encoding="UTF-8"?>
<record
    xmlns:xsi="http://www.w3.org/2001/XMLSchema-instance"
    xsi:schemaLocation="http://www.loc.gov/MARC21/slim http://www.loc.gov/standards/marcxml/schema/MARC21slim.xsd"
    xmlns="http://www.loc.gov/MARC21/slim">

  <leader>01160nam a2200349   4500</leader>
  <controlfield tag="001">1590</controlfield>
  <controlfield tag="003">BR-CuiBMT</controlfield>
  <controlfield tag="005">20231216174656.0</controlfield>
  <controlfield tag="008">231216c2006    mgbfr p       0   a1por d</controlfield>
  <datafield tag="022" ind1=" " ind2=" ">
    <subfield code="a">1809-8487</subfield>
  </datafield>
  <datafield tag="040" ind1=" " ind2=" ">
    <subfield code="a">BR-CuiBMT</subfield>
    <subfield code="c">BR-CuiBMT</subfield>
  </datafield>
  <datafield tag="041" ind1="0" ind2=" ">
    <subfield code="a">por</subfield>
    <subfield code="a">spa</subfield>
  </datafield>
  <datafield tag="080" ind1=" " ind2=" ">
    <subfield code="a">34(05)</subfield>
    <subfield code="2">2007</subfield>
  </datafield>
  <datafield tag="090" ind1=" " ind2=" ">
    <subfield code="d">Peri&#xF3;dico</subfield>
    <subfield code="a">34(05)</subfield>
  </datafield>
  <datafield tag="097" ind1=" " ind2=" ">
    <subfield code="a">C</subfield>
    <subfield code="c">Direito</subfield>
  </datafield>
  <datafield tag="097" ind1=" " ind2=" ">
    <subfield code="a">C</subfield>
    <subfield code="c">Letras/Lingu&#xED;stica</subfield>
  </datafield>
  <datafield tag="098" ind1=" " ind2=" ">
    <subfield code="a">101222-3</subfield>
  </datafield>
  <datafield tag="245" ind1="0" ind2="0">
    <subfield code="a">De jure</subfield>
  </datafield>
  <datafield tag="260" ind1=" " ind2=" ">
    <subfield code="a">Belo Horizonte :</subfield>
    <subfield code="b">Minist&#xE9;rio P&#xFA;blico do Estado de Minas Gerais,</subfield>
    <subfield code="c">2015 -</subfield>
  </datafield>
  <datafield tag="300" ind1=" " ind2=" ">
    <subfield code="a">v. ;</subfield>
    <subfield code="b">21 cm</subfield>
  </datafield>
  <datafield tag="310" ind1=" " ind2=" ">
    <subfield code="a">Semestral</subfield>
    <subfield code="b">2007-</subfield>
  </datafield>
  <datafield tag="362" ind1="0" ind2=" ">
    <subfield code="a">v. 14, n. 25 (jul./dez. 2015)-</subfield>
  </datafield>
  <datafield tag="530" ind1=" " ind2=" ">
    <subfield code="a">Dispon&#xED;vel tamb&#xE9;m em vers&#xE3;o online.</subfield>
  </datafield>
  <datafield tag="546" ind1=" " ind2=" ">
    <subfield code="a">Cont&#xE9;m textos em espanhol.</subfield>
  </datafield>
  <datafield tag="590" ind1=" " ind2=" ">
    <subfield code="a">Data de in&#xED;cio da cole&#xE7;&#xE3;o na Biblioteca 2015 -</subfield>
  </datafield>
  <datafield tag="650" ind1=" " ind2=" ">
    <subfield code="a">Direito</subfield>
    <subfield code="v">Peri&#xF3;dicos</subfield>
    <subfield code="z">Brasil</subfield>
  </datafield>
  <datafield tag="650" ind1=" " ind2=" ">
    <subfield code="a">Ci&#xEA;ncias jur&#xED;dicas</subfield>
    <subfield code="v">Peri&#xF3;dicos</subfield>
    <subfield code="z">Brasil</subfield>
  </datafield>
  <datafield tag="710" ind1="1" ind2=" ">
    <subfield code="a">Minas Gerais.</subfield>
    <subfield code="b">Minist&#xE9;rio P&#xFA;blico.</subfield>
  </datafield>
  <datafield tag="780" ind1="0" ind2="0">
    <subfield code="t">Revista J&#xFA;ridica do Minist&#xE9;rio P&#xFA;blico do Estado de Minas Gerais</subfield>
  </datafield>
  <datafield tag="856" ind1="4" ind2=" ">
    <subfield code="9">https://dejure.mpmg.mp.br/dejure</subfield>
    <subfield code="u">Dispon&#xED;vel tamb&#xE9;m online.</subfield>
    <subfield code="y">16/12/2023.</subfield>
  </datafield>
  <datafield tag="942" ind1=" " ind2=" ">
    <subfield code="2">udc</subfield>
    <subfield code="c">REV</subfield>
  </datafield>
  <datafield tag="952" ind1=" " ind2=" ">
    <subfield code="0">0</subfield>
    <subfield code="1">0</subfield>
    <subfield code="2">udc</subfield>
    <subfield code="4">0</subfield>
    <subfield code="7">0</subfield>
    <subfield code="8">CCODE</subfield>
    <subfield code="a">BIBTCEMT</subfield>
    <subfield code="b">BIBTCEMT</subfield>
    <subfield code="d">2023-12-16</subfield>
    <subfield code="h">v. 14, n. 25, jul./dez. 2015</subfield>
    <subfield code="l">0</subfield>
    <subfield code="o">Peri&#xF3;dico 34(05)</subfield>
    <subfield code="p">BIBTCEMT23120701</subfield>
    <subfield code="r">2023-12-16</subfield>
    <subfield code="t">Ex. 1</subfield>
    <subfield code="w">2023-12-16</subfield>
    <subfield code="y">REV</subfield>
  </datafield>
  <datafield tag="952" ind1=" " ind2=" ">
    <subfield code="0">0</subfield>
    <subfield code="1">0</subfield>
    <subfield code="2">udc</subfield>
    <subfield code="4">0</subfield>
    <subfield code="7">0</subfield>
    <subfield code="8">CCODE</subfield>
    <subfield code="a">BIBTCEMT</subfield>
    <subfield code="b">BIBTCEMT</subfield>
    <subfield code="d">2023-12-16</subfield>
    <subfield code="h">v. 15, n. 26, jan./jun. 2016</subfield>
    <subfield code="l">0</subfield>
    <subfield code="o">Peri&#xF3;dico 34(05)</subfield>
    <subfield code="p">BIBTCEMT23120702</subfield>
    <subfield code="r">2023-12-16</subfield>
    <subfield code="t">Ex. 1</subfield>
    <subfield code="w">2023-12-16</subfield>
    <subfield code="y">REV</subfield>
  </datafield>
  <datafield tag="952" ind1=" " ind2=" ">
    <subfield code="0">0</subfield>
    <subfield code="1">0</subfield>
    <subfield code="2">udc</subfield>
    <subfield code="4">0</subfield>
    <subfield code="7">0</subfield>
    <subfield code="8">CCODE</subfield>
    <subfield code="a">BIBTCEMT</subfield>
    <subfield code="b">BIBTCEMT</subfield>
    <subfield code="d">2023-12-16</subfield>
    <subfield code="h">v. 15, n. 27, jul./dez. 2016</subfield>
    <subfield code="l">0</subfield>
    <subfield code="o">Peri&#xF3;dico 34(05)</subfield>
    <subfield code="p">BIBTCEMT23120703</subfield>
    <subfield code="r">2023-12-16</subfield>
    <subfield code="t">Ex. 1</subfield>
    <subfield code="w">2023-12-16</subfield>
    <subfield code="y">REV</subfield>
  </datafield>
  <datafield tag="952" ind1=" " ind2=" ">
    <subfield code="0">0</subfield>
    <subfield code="1">0</subfield>
    <subfield code="2">udc</subfield>
    <subfield code="4">0</subfield>
    <subfield code="7">0</subfield>
    <subfield code="8">CCODE</subfield>
    <subfield code="a">BIBTCEMT</subfield>
    <subfield code="b">BIBTCEMT</subfield>
    <subfield code="d">2023-12-16</subfield>
    <subfield code="h">v. 16, n. 28, jan./jun. 2017</subfield>
    <subfield code="l">0</subfield>
    <subfield code="o">Peri&#xF3;dico 34(05)</subfield>
    <subfield code="p">BIBTCEMT23120704</subfield>
    <subfield code="r">2023-12-16</subfield>
    <subfield code="t">Ex. 1</subfield>
    <subfield code="w">2023-12-16</subfield>
    <subfield code="y">REV</subfield>
  </datafield>
  <datafield tag="952" ind1=" " ind2=" ">
    <subfield code="0">0</subfield>
    <subfield code="1">0</subfield>
    <subfield code="2">udc</subfield>
    <subfield code="4">0</subfield>
    <subfield code="7">0</subfield>
    <subfield code="8">CCODE</subfield>
    <subfield code="a">BIBTCEMT</subfield>
    <subfield code="b">BIBTCEMT</subfield>
    <subfield code="d">2023-12-16</subfield>
    <subfield code="h">v. 16, n. 29, jul./dez. 2017</subfield>
    <subfield code="l">0</subfield>
    <subfield code="o">Peri&#xF3;dico 34(05)</subfield>
    <subfield code="p">BIBTCEMT23120705</subfield>
    <subfield code="r">2023-12-16</subfield>
    <subfield code="t">Ex. 1</subfield>
    <subfield code="w">2023-12-16</subfield>
    <subfield code="y">REV</subfield>
  </datafield>
  <datafield tag="952" ind1=" " ind2=" ">
    <subfield code="0">0</subfield>
    <subfield code="1">0</subfield>
    <subfield code="2">udc</subfield>
    <subfield code="4">0</subfield>
    <subfield code="7">0</subfield>
    <subfield code="8">CCODE</subfield>
    <subfield code="a">BIBTCEMT</subfield>
    <subfield code="b">BIBTCEMT</subfield>
    <subfield code="d">2023-12-16</subfield>
    <subfield code="h">v. 17, n. 30, jan./jun. 2018</subfield>
    <subfield code="l">0</subfield>
    <subfield code="o">Peri&#xF3;dico 34(05)</subfield>
    <subfield code="p">BIBTCEMT23120706</subfield>
    <subfield code="r">2023-12-16</subfield>
    <subfield code="t">Ex. 1</subfield>
    <subfield code="w">2023-12-16</subfield>
    <subfield code="y">REV</subfield>
  </datafield>
  <datafield tag="999" ind1=" " ind2=" ">
    <subfield code="c">1590</subfield>
    <subfield code="d">1590</subfield>
  </datafield>
</record>
